00680 2200241 4500001002100000005001700021008004100038020001800079035002400097041000800121043001200129082001100141090002200152100002400174245007500198250001800273260002700291300003000318500003100348650002400379850001200403999002300415YOGYA-0209000005621620090227033653.0 ind  a979-503-361-1 0010-020900000056216 aInd aYOPDYOG a658.15 aDEP 658.15bMul A aMULYONO, Teguh Pujo aAplikasi management audit dalam industri perbankancTeguh Pujo Mulyono aEd. 1, cet. 1 aYogyakartabBPFEc1999 axii, 354 hlmbilusc23 cm aBibliografi : hlm. 353-354 aManagement keuangan aYOPDYOG a1999-97 h CB-D. 11